How to write proposals sales letters and reports (Record no. 158026)

MARC details
000 -LEADER
fixed length control field 00596nam a2200217Ia 4500
003 - CONTROL NUMBER IDENTIFIER
control field OSt
005 - DATE AND TIME OF LATEST TRANSACTION
control field 20250719141825.0
008 - FIXED-LENGTH DATA ELEMENTS--GENERAL INFORMATION
fixed length control field 210423s2009 xx 000 0 und d
020 ## - INTERNATIONAL STANDARD BOOK NUMBER
International Standard Book Number 9788130905129
040 ## - CATALOGING SOURCE
Transcribing agency AL
041 ## - LANGUAGE CODE
Language code of text/sound track or separate title English
082 ## - DEWEY DECIMAL CLASSIFICATION NUMBER
Classification number 070.43
Item number SAWH
245 ## - TITLE STATEMENT
Title How to write proposals sales letters and reports
260 ## - PUBLICATION, DISTRIBUTION, ETC.
Place of publication, distribution, etc. New Delhi
Name of publisher, distributor, etc. Viva Books Pvt Ltd
Date of publication, distribution, etc. 2009
300 ## - PHYSICAL DESCRIPTION
Extent 215p.
Other physical details PB
Dimensions 24x15cm.
365 ## - TRADE PRICE
Price amount 195
Currency code INR
650 ## - SUBJECT ADDED ENTRY--TOPICAL TERM
Topical term or geographic name entry element Journalism
9 (RLIN) 82759
650 ## - SUBJECT ADDED ENTRY--TOPICAL TERM
Topical term or geographic name entry element Reporting
9 (RLIN) 82760
906 ## - LOCAL DATA ELEMENT F, LDF (RLIN)
a How ; letters ; proposals ; reports. ; sales ; write
942 ## - ADDED ENTRY ELEMENTS (KOHA)
Source of classification or shelving scheme Dewey Decimal Classification
Koha item type Book
Holdings
Withdrawn status Lost status Damaged status Not for loan Collection code Home library Current library Date acquired Source of acquisition Cost, normal purchase price Total Checkouts Full call number Barcode Date last seen Price effective from Koha item type
        MA English St Aloysius PG Library St Aloysius PG Library 06/26/2010 Viva Books 195.00   070.43 SAWN PG004503 08/24/2022 04/26/2021 Book